| 000 -LEADER |
| fixed length control field |
02828cam a2200373 i 4500 |
| 001 - CONTROL NUMBER |
| control field |
18541257 |
| 005 - DATE AND TIME OF LATEST TRANSACTION |
| control field |
20221011115418.0 |
| 008 - FIXED-LENGTH DATA ELEMENTS--GENERAL INFORMATION |
| fixed length control field |
150325s2016 nyu b 001 0 eng |
| 010 ## - LIBRARY OF CONGRESS CONTROL NUMBER |
| LC control number |
2014048367 |
| 020 ## - INTERNATIONAL STANDARD BOOK NUMBER |
| International Standard Book Number |
9781138903814 (hbk) |
| 020 ## - INTERNATIONAL STANDARD BOOK NUMBER |
| Canceled/invalid ISBN |
9781315692708 (ebk) |
| 040 ## - CATALOGING SOURCE |
| Original cataloging agency |
DLC |
| Language of cataloging |
eng |
| Transcribing agency |
DLC |
| Description conventions |
rda |
| Modifying agency |
DLC |
| 042 ## - AUTHENTICATION CODE |
| Authentication code |
pcc |
| 043 ## - GEOGRAPHIC AREA CODE |
| Geographic area code |
a-cc--- |
| 050 00 - LIBRARY OF CONGRESS CALL NUMBER |
| Classification number |
JZ1734 |
| Item number |
.C5495 2016 |
| 082 00 - DEWEY DECIMAL CLASSIFICATION NUMBER |
| Classification number |
327.51 |
| Author Mark |
CHI |
| 245 00 - TITLE STATEMENT |
| Title |
China's international roles : |
| Remainder of title |
challenging or supporting international order? / |
| Statement of responsibility, etc. |
edited by Sebastian Harnisch, Sebastian Bersick and Jörn-Carsten Gottwald. |
| 264 #1 - PRODUCTION, PUBLICATION, DISTRIBUTION, MANUFACTURE, AND COPYRIGHT NOTICE |
| Place of production, publication, distribution, manufacture |
New York, NY : |
| Name of producer, publisher, distributor, manufacturer |
Routledge, |
| Date of production, publication, distribution, manufacture, or copyright notice |
2016. |
| 300 ## - PHYSICAL DESCRIPTION |
| Extent |
xii, 263 pages ; |
| Dimensions |
24 cm. |
| 336 ## - CONTENT TYPE |
| Content type term |
text |
| Content type code |
txt |
| Source |
rdacontent |
| 337 ## - MEDIA TYPE |
| Media type term |
unmediated |
| Media type code |
n |
| Source |
rdamedia |
| 338 ## - CARRIER TYPE |
| Carrier type term |
volume |
| Carrier type code |
nc |
| Source |
rdacarrier |
| 490 0# - SERIES STATEMENT |
| Series statement |
Role theory and international relations ; |
| Volume/sequential designation |
5 |
| 504 ## - BIBLIOGRAPHY, ETC. NOTE |
| Bibliography, etc. note |
Includes bibliographical references and index. |
| 505 0# - FORMATTED CONTENTS NOTE |
| Formatted contents note |
Role theory and the study of Chinese foreign policy / Sebastian Harnisch -- Historical narrative, remembrance, and the ordering of the world : a historical assessment of China's international relations / Bart Dessein -- China's historical self and its international role / Sebastian Harnisch -- The identity and international role of China : relational grand strategy / Chih-Yu Shih, Chiung-Chiu Huang -- Philosophy, identity and role theory with "Chinese characteristics" / Chen Yudan -- The United States' and China : altercast roles and changing power in the twentieth century / Cameron G. Thies -- China's role in the transformation of international system / Chen Yugang -- China's role in international institutions : the case of global economic governance / Jörn-Carsten Gottwald -- Finding a new role in East Asian financial order : China's hesitant turn towards leadership / Mikko Huotari -- China and socialist countries : role change and role continuity / Nele Noesselt -- China and Japan : partner, rival and enemy? / Sebastian Maslow -- China's changing role in its all-weather friendship with Africa / Niall Duggan -- China and the EU : trade and national role conceptions / Sebastian Bersick -- Conclusion : China's role evolution : domestic imperatives and foreign expectations / Sebastian Harnisch, Sebastian Bersick, Jörn-Carsten Gottwald. |
| 651 #0 - SUBJECT ADDED ENTRY--GEOGRAPHIC NAME |
| Geographic name |
China |
| General subdivision |
Foreign relations |
| Chronological subdivision |
1949- |
| 9 (RLIN) |
99834 |
| 700 1# - ADDED ENTRY--PERSONAL NAME |
| Personal name |
Harnisch, Sebastian, |
| Relator term |
editor of compilation. |
| 9 (RLIN) |
99835 |
| 700 1# - ADDED ENTRY--PERSONAL NAME |
| Personal name |
Bersick, Sebastian, |
| Dates associated with a name |
1968- |
| Relator term |
editor of compilation. |
| 9 (RLIN) |
99836 |
| 700 1# - ADDED ENTRY--PERSONAL NAME |
| Personal name |
Gottwald, Jörn-Carsten, |
| Relator term |
editor of compilation. |
| 9 (RLIN) |
99837 |
| 856 42 - ELECTRONIC LOCATION AND ACCESS |
| Materials specified |
Book review (H-Net) |
| Uniform Resource Identifier |
<a href="http://www.h-net.org/reviews/showrev.php?id=45190">http://www.h-net.org/reviews/showrev.php?id=45190</a> |
| 906 ## - LOCAL DATA ELEMENT F, LDF (RLIN) |
| a |
7 |
| b |
cbc |
| c |
orignew |
| d |
1 |
| e |
ecip |
| f |
20 |
| g |
y-gencatlg |
| 942 ## - ADDED ENTRY ELEMENTS (KOHA) |
| Source of classification or shelving scheme |
|
| Koha item type |
Book |